Statistiques concernant 15 principaux pays touchés par Covid-19 - 1 septembre 2021

Cliquez ici pour prendre le quiz!

Statistiques générales

  • Ce quiz a été pris 29 fois
  • Le résultat moyen est 11 sur 26

Statistiques - réponses

pays% Correct
Espagne
100%
France
100%
Etats-Unis
96%
Italie
92%
Royaume-Uni
88%
Russie
88%
Allemagne
79%
Inde
79%
Brésil
75%
Mexique
67%
Argentine
58%
Pays-Bas
33%
Colombie
29%
Indonésie
29%
Suède
25%
Turquie
21%
Iran
8%
Tchèquie
8%
Uruguay
8%
Estonie
4%
Lituanie
4%
Panama
4%
Slovénie
4%
Bahreïn
0%
Géorgie
0%
Israël
0%

Distribution des résultats

Percentile par nombre de réponses

% des personnes avec chaque résultat

Votre développement - résultats

Vous n’avez pas pris ce quiz